Open Data Biblioteca Nacional de Portugal


República Portuguesa: Ministério da Cultura
Biblioteca Nacional de Portugal

Catálogo da BNP: acesso por Identificadores Unívocos
Registos Bibliográficos associados ao registo de autoridade

Etiqueta de registo: 00000nam 2200025 450
001 1849454
003 http://id.bnportugal.gov.pt/bib/catbnp/1849454
010 ## $a978-972-648-188-1$bDRAC Madeira)
010 ## $a978-989-20-3429-4$bDRMOE)
021 ## $aPT$b355371/13
100 ## $a20130913d2013 m y0pory01030103ba
101 0# $apor$aeng
102 ## $aPT
105 ## $aa z 000yd
106 ## $ar
200 1# $a As origens do turismo na Madeira$equintas e hóteis do acervo da Photographia Museu, «Vicentes»$d The origins of tourism in Madeira$equintas and hotels from the Collection Photographia Museu, «Vicentes»$fRui Campos Matos$gtrad. Richard Correll$grev. Daniel Gouveia$zeng
210 #9 $aFunchal$cDelegação Regional da Madeira da Ordem dos Economistas$cDirecção Regional Assuntos Culturais,$d2013
215 ## $a189, [3] p. a 2 colns$cil.$d24 cm
305 ## $aEd. bilingue em português e inglês
320 ## $aBibliografia, p. 189
510 1# $a The origins of tourism in Madeira$equintas and hotels from the Collection Photographia Museu, «Vicentes»$zeng
675 ## $a728.84(469.8)"18/19"$vBN$zpor$31546068
675 ## $a728.5(469.8)"18/19"$vBN$zpor$31546070
675 ## $a338.48(469.8)"18/19"$vBN$zpor$31546071
700 #1 $aMatos,$bRui Campos,$f1956-$31454952
702 #1 $aCorrell,$bRichard$4730$31545057
702 #1 $aGouveia,$bDaniel,$f1943-$4675$3260339
801 #0 $aPT$bBN$gRPC
856 41 $uhttp://rnod.bnportugal.gov.pt/ImagesBN/winlibimg.aspx?skey=&doc=1849454&img=32079&save=true
900 ## $aBIBNAC$d20131008
966 ## $lBN$mFGMON$sB.A. 36564 V.$x1
966 ## $lBN$mFGMON$sB.A. 36564 V.-D$x1

Etiqueta de registo: 00254nam 2200025 450
001 2233386
003 http://id.bnportugal.gov.pt/bib/catbnp/2233386
010 ## $a978-989-54483-3-3
021 ## $aPT$b549992/25
100 ## $a20251202d2025 m y0pory01030103ba
101 1# $aeng
102 ## $aPT
105 ## $aa z 000yd
106 ## $ar
200 1# $a The origins of tourism in Madeira - quintas and hotels from the Collection Photographia Museu, «Vicentes»$fRui Campos Matos$gpref. Marcelino de Castro$gtransl. Monica Gil, Richard Correll
205 ## $a2nd ed
210 #9 $aCaniço$cJóias de Cultura,$d2025
215 ## $a191, [1] p.$cmuito il.$d21 cm
675 ## $a728.84(469.8)"18/19"$vBN$zpor$31546068
675 ## $a728.5(469.8)"18/19"$vBN$zpor$31546070
675 ## $a338.48(469.8)"18/19"$vBN$zpor$31546071
675 ## $a77.03$vBN$zpor$3290160
700 #1 $aMatos,$bRui Campos,$f1956-$31454952
702 #1 $aCastro,$bMarcelino de,$f1964-$4080$31178301
702 #1 $92$aGil,$bMónica$4730$31444465
702 #1 $aCorrell,$bRichard$4730$31545057
801 #0 $aPT$bBN$gRPC
856 41 $uhttp://rnod.bnportugal.gov.pt/ImagesBN/winlibimg.aspx?skey=&doc=2233386&img=216222&save=true
900 ## $aBIBNAC$d20251223
966 ## $lBN$mFGMON$sB.A. 53021 V.$x1
966 ## $lBN$mFGMON$sB.A. 53021 V.-D$x1
971 ## $cabrito$d20251202
972 ## $e0$z0$d20251223$vlrevez
973 ## $cigoulao$d20251204

OpendataBNP@bnportugal.pt | Mais informação sobre acesso aos dados BNP